<?xml version="1.0" encoding="UTF-8"?>
<record
    xmlns:xsi="http://www.w3.org/2001/XMLSchema-instance"
    xsi:schemaLocation="http://www.loc.gov/MARC21/slim http://www.loc.gov/standards/marcxml/schema/MARC21slim.xsd"
    xmlns="http://www.loc.gov/MARC21/slim">

  <leader>02956nam a22001937a 4500</leader>
  <controlfield tag="003">IT-RoPau</controlfield>
  <controlfield tag="005">20220918175935.0</controlfield>
  <controlfield tag="008">121113b        xxu||||| |||| 00| 0 eng d</controlfield>
  <datafield tag="040" ind1=" " ind2=" ">
    <subfield code="c">IT-RoPau</subfield>
  </datafield>
  <datafield tag="100" ind1=" " ind2=" ">
    <subfield code="a">Alberione Giacomo</subfield>
    <subfield code="q">Vol VIII, 2 anno 1963 numeri marginali 256 - 263 nastro 177/a</subfield>
    <subfield code="9">32</subfield>
  </datafield>
  <datafield tag="245" ind1=" " ind2=" ">
    <subfield code="a">Prediche tenute alle Pie Discepole del Divin Maestro</subfield>
  </datafield>
  <datafield tag="250" ind1=" " ind2=" ">
    <subfield code="a">1</subfield>
  </datafield>
  <datafield tag="260" ind1=" " ind2=" ">
    <subfield code="a">Roma</subfield>
    <subfield code="b">PDDM</subfield>
    <subfield code="c">?1960?</subfield>
  </datafield>
  <datafield tag="300" ind1=" " ind2=" ">
    <subfield code="a">606 p.</subfield>
    <subfield code="c">29,5 cm</subfield>
  </datafield>
  <datafield tag="490" ind1=" " ind2=" ">
    <subfield code="a">VIII,2</subfield>
    <subfield code="v">VIII,2</subfield>
  </datafield>
  <datafield tag="500" ind1=" " ind2=" ">
    <subfield code="a">Come nel volume precedente</subfield>
  </datafield>
  <datafield tag="520" ind1=" " ind2=" ">
    <subfield code="a">Prefazione
250)Anno di particolare santificazione
251)Anno di particolare santificazione
252)Un mese di preparazione alla prof. perpetua
253)Umilt&#xE0; e silenziosit&#xE0; in s.Giuseppe
254)Anno di particolare santificazione
255)La missione delle Pie Discepole nelle Filippine
256)Anno di particolare santificazione
257)La s.Messa ( Sabato Santo)
258)L' impegno per la santificazione
259)Il fondamento della santificazione virt&#xF9;. teol.
260)Lo spirito di Ges&#xF9;: le Beatitudini
261)La fede
262)La speranza
263)La carit&#xE0;:amore a Dio e alle anime
264)Vita mariana Ges&#xF9;
265)Amare la Congregazione:cura delle vocazioni
266)Santificare la mente,la volont&#xE0;, il cuore
267)Il progresso spirituale
268)La Famiglia Paolina
269)Novena allo spirito Santo
270)Maria, Regina degli apostoli
271)I nove gradi dell' orazione
272)I segni di progresso nella santificazione
273)Cercare la gloria di Dio.Vita comune. Carat.
274)Il mistero del Cristo in s.Paolo
275)la vita mariana di Ges&#xF9;
276)Il fondamento della santificazione: vivere in Xto
277)Il senso sociale
278)Santificazione e apostolato
279)La vocazione della Pia Discepola
280)Domenica VII dopo Pentecoste
281)Per ipsum et cum ipso et in ipso
282)La gloria di dio: fine ultimo
283)Domenica VIII dopo Pentecoste
284)Introduzione agli esercizi SS.
285)Far crescere la grazia di Dio in noi
286)La Pia Discepola, altra Maria ( I )
287)La Pia Discepola, altra Maria ( II )
288)Chiusura degli Esercizi SS.
289)Domenica XII dopo Pentecoste
290)I due mezzi principali della santificazione
291)Santificare la mente, la volont&#xE0; , il cuore
292)I due mezzi principali della santificazione
293)I due mezzi principali della santificazione
294)I due mezzi principali della santificazione
295)La santificazione: mestiere della religiosit&#xE0;
296)La gloria di Dio: fine della nostra santificazione
297)La  fede
298)Festa di Ges&#xF9; Cristo Re
299)Gerarchia degli apostolati
300)L' apostolato liturgico
301)Domenica VI dopo l' Epifania
302)Domenica XXIV dopo Pentecoste
303)La santificazione: mestiere della religiosit&#xE0;
304)La configurazione a Ges&#xF9; Cristo
305)Vita contempaltiva apostolica
306)Solennit&#xE0; dell' Immacolata Concezione di Maria
307)Ut unum sint ( festa di s. Lucia)
308)Domenica III di Avvento
309)Conoscere meglio Ges&#xF9; Cristo (auguri natalizi)
indice
I - Indice analitico
II - Indice delle citazioni bibliche
III - Indice delle citazioni varie
IV - Indice generale        </subfield>
  </datafield>
  <datafield tag="942" ind1=" " ind2=" ">
    <subfield code="2">ddc</subfield>
    <subfield code="c">BK</subfield>
  </datafield>
  <datafield tag="999" ind1=" " ind2=" ">
    <subfield code="c">37504</subfield>
    <subfield code="d">37504</subfield>
  </datafield>
  <datafield tag="952" ind1=" " ind2=" ">
    <subfield code="0">0</subfield>
    <subfield code="1">0</subfield>
    <subfield code="2">ddc</subfield>
    <subfield code="4">0</subfield>
    <subfield code="6">P_A1</subfield>
    <subfield code="7">1</subfield>
    <subfield code="a">PAULUS</subfield>
    <subfield code="b">PAULUS</subfield>
    <subfield code="d">2012-11-13</subfield>
    <subfield code="l">0</subfield>
    <subfield code="o">P A1</subfield>
    <subfield code="r">2012-11-13 00:00:00</subfield>
    <subfield code="w">2012-11-13</subfield>
    <subfield code="y">BK</subfield>
  </datafield>
</record>
